| 000 | 00532nam a22001937a 4500 | ||
|---|---|---|---|
| 003 | KOHA_MİRAKIL | ||
| 005 | 20251003114420.0 | ||
| 008 | 251003b tu ||||| |||| 00| 0 tur d | ||
| 020 | _a9786057797728 | ||
| 040 |
_aTR-AnABB _btur _cTR-AnABB |
||
| 041 | _atur | ||
| 082 |
_a828.3354 _bKEL 2022 |
||
| 100 | 1 | _aKelly, Lynne, | |
| 245 | 1 | 0 |
_aMavi 55 / _cLynne Kelly |
| 260 |
_aİstanbul : _bGünışığı Kitaplığı, _c2022 |
||
| 300 |
_a280 sayfa ; _c18 cm |
||
| 650 | 0 | 4 | _aAmerikan edebiyatı, roman |
| 942 |
_2ddc _cBK |
||
| 999 |
_c9062 _d9062 |
||
| 900 | _bGizem YORULMAZ | ||